| 000 | 01391cam a22003494i 4500 | ||
|---|---|---|---|
| 003 | PE-LiUPU | ||
| 005 | 20250731184102.0 | ||
| 008 | 150623s r 000 0 d | ||
| 020 | _a9972606244 | ||
| 035 | _a(Sirsi) i9789972606243 | ||
| 040 |
_aPE-LiUPU _bspa _cPE-LiUPU _erda |
||
| 082 | 0 | 4 |
_a869.568 _bO _221 |
| 100 | 1 |
_aValdelomar, Abraham, _d1888-1919, _eautor. |
|
| 245 | 1 | 0 |
_aAbraham Valdelomar : _bobras completas. _n3 / _cAbraham Valdelomar. |
| 264 | 1 |
_aLima : _bDepartamento de Relaciones Públicas de Petroperú; Ediciones Copé, _c2000. |
|
| 300 |
_a627 páginas ; _c21 cm. |
||
| 336 |
_atext _2rdacontent |
||
| 337 |
_aunmediated _2rdamedia |
||
| 338 |
_avolume _2rdacarrier |
||
| 505 | 0 | _aComentarios. Desde mi rincón. Artículos varios. Et in pulvis reverteris. Entrevistas. Palabras. Al margen del cable. | |
| 526 | _aP145 | ||
| 526 | _aP127 | ||
| 526 | _aP97 | ||
| 526 | _aP14 | ||
| 526 | _aP07 | ||
| 650 | 1 | 4 |
_aEntrevistas periodísticas _ySiglo XX. |
| 942 |
_2ddc _cBOOK |
||
| 949 |
_a869.568 O 3 _wDEWEY _c1 _i49803 _lCCODEBUL1 _mBUL _p00.00 _r0 _sY _tBOOK _u2015-06-24 _xBIBLIOTECA _zUNKNOWN _0COMPRA _o.STAFF. Colección General |
||
| 596 | _a1 | ||
| 999 |
_a869.568 O 3 _wDEWEY _c32623 _i49803 _f2021-11-9 _g5 _lCCODEBUL1 _mBUL _r0 _sY _tBOOK _u2015-6-24 _xEDUCACION _zUNKNOWN _0COMPRA _o.STAFF. Colección General _d32623 |
||
| 980 |
_81 _gALBERTO SANCHEZ Responsable de Automatización |
||